000 01586cam a2200457 4500
001 22196
003 VRT
005 20260321130935.0
008 210624s2018 xo g 010 f slo
015 _aSNBA2019/11
020 _a9788055161723
_q(viazané)
035 _aurn:nbn:sk:snk-am00ed6o
035 _aurn:nbn:sk:snk-am3igig
035 _aE8E3543C-FF31-408F-A968-DD3EA436D76F
038 _aPPPK
039 9 _a202112131247
_bAUTHORITY
_c202112131243
_dAUTHORITY
_c202112131242
_dAUTHORITY
_c202106241039
_dVLOAD
040 _aPPPK
_bslo
_cPPPK
_dSNK
_erda
041 1 _aslo
_heng
044 _axo
_cSK
072 7 _a821.111(73)-3
_xAmerická próza
_2konspekt
080 _a821.111(73)-31
_22011
100 1 _aSteel, Danielle,
_d1947-
_4aut
240 1 4 _aThe Mistress
_lSlovensky
245 1 0 _aMilenka
_cDanielle Steel ; preložila Adriana Sýkorčinová
264 1 _aBratislava
_bIkar
_c2018
300 _a283 strán
_c21 cm
336 _atext
_btxt
_2rdacontent
337 _abez média
_bn
_2rdamedia
338 _azväzok
_bnc
_2rdacarrier
500 _aPreložené z angličtiny
655 7 _aamerické romány
_2SNKPH
655 7 _aAmerican fiction
_2SNKPHeng
700 1 _aSýkorčinová, Adriana
_4trl
910 _asnk
942 _2ddc
_cKLDO
_n0
949 _617A1336291
_asnkSC 180948
_bsnk2018/19605
_o1985/18
_s6100:20191114
949 _6270001000591698
_asvkbbA 155220
_bsvkbbm 778634
949 _617A1338697
_asnkSC 180948 D1
_bsnk2018/22544
_o1985/18
949 _62889343146
_asavukPV 26764
_bsavuk2018/3605
949 _6273K0631644
_asvkpoA 239027
_bsvkpo627063
999 _c22196
_d22196